=LDR 00000nam 2200000 4500 =001 INLIS000000001052753 =990 ##$$a 6202402161 =005 20240924095403 =035 ##$$a 0010-0924000292 =007 ta =008 240924################j##########1#ind## =020 ##$$a 978-602-367-175-5 =082 ##$$a 741.5 =084 ##$$a 741.5 ALF n =100 #$$a Alfanisqi Brillianti =245 1#$$a Next G : $b unforgettable behel /$c Fayanna Ailisha Davianny, dkk. ; penyunting, Wiwit Wijiastuti =250 ##$$a Ed. 2 =260 ##$$a Bandung :$b Muffin Graphics,$c 2016 =300 ##$$a 120 hlm. : $b ilus. ; $c 21 cm =650 #4$$a Komik, Bacaan =700 #$$a Wiwit Wijiastuti (penyunting) =990 ##$$a 21612161